LEADER 01022cam0-22003491i-450- 001 990004340820403321 005 20051130143401.0 035 $a000434082 035 $aFED01000434082 035 $a(Aleph)000434082FED01 035 $a000434082 100 $a19990604d1971----km-y0itay50------ba 101 0 $aita 102 $aIT 105 $ay-------001yy 200 1 $a<>movimento sindacale in Italia$erassegna di studi (1945-1969)$fdi Aldo Agosti ... [et al.] 205 $a2. ed. 210 $aTorino$cFondazione Luigi Einaudi$d1971 215 $a146 p.$d25 cm 225 1 $aStudi$fFondazione Luigi Einaudi$v9 676 $a331.880945$v21$zita 676 $a331.80945 702 1$aAgosti,$bAldo$f<1943- > 801 0$aIT$bUNINA$gRICA$2UNIMARC 901 $aBK 912 $a990004340820403321 952 $a331.88 AGO 1 (2.ed.)$bI.st.r.c.212$fFLFBC 952 $aCOLLEZ. 130 (9)$b14457$fFSPBC 959 $aFLFBC 959 $aFSPBC 996 $aMovimento sindacale in Italia$9294325 997 $aUNINA